书目信息 |
| 题名: |
结构力学解题指导及习题集
|
|
| 作者: | 钟朋 主编 | |
| 分册: | ||
| 出版信息: | 北京 高等教育出版社 1999.06 |
|
| 页数: | 530页 | |
| 开本: | 32开 | |
| 丛书名: | ||
| 单 册: | ||
| 中图分类: | ||
| 科图分类: | ||
| 主题词: | 建筑结构--理论 , 建筑结构--结构计算 | |
| 电子资源: | ||
| ISBN: | 7-04-000160-8 | |
| 000 | 00650nam0 2200229 45 | |
| 001 | 9911091553 | |
| 005 | 19991109155547.2 | |
| 010 | @a7-04-000160-8@d17.20元 | |
| 100 | @a19991109d1999 km y0chiy0120 ea | |
| 101 | @achi | |
| 105 | @a z 000yy | |
| 200 | 1 | @a结构力学解题指导及习题集@AJie Gou Li Xue Jie Ti Zhi Dao Ji Xi Ti Ji@f钟朋主编@FZhong Peng Zhu Bian |
| 205 | @a5 | |
| 210 | @a北京@c高等教育出版社@d1999.06 | |
| 215 | @a530页@d32开 | |
| 606 | 0 | @a建筑结构@x理论 |
| 606 | 0 | @a建筑结构@x结构计算 |
| 690 | @v3 | |
| 690 | @aTU311-44 | |
| 701 | @a钟朋@4主编 | |
| 801 | @aCN@bPFTUser@c19991109 | |
| 905 | @f5@b43311-315@dTU311-44@eZH.275=2 | |
| 结构力学解题指导及习题集/钟朋主编.-5.-北京:高等教育出版社,1999.06 |
| 530页;32开 |
| ISBN 7-04-000160-8:17.20元 |
| ● |
| 相关链接 |
|
|
|
正题名:结构力学解题指导及习题集
索取号:TU311-44/ZH.275=2
 
预约/预借
| 序号 | 登录号 | 条形码 | 馆藏地/架位号 | 状态 | 备注 |
| 1 | 201982 | 202019822 | 自科二线404/404自科库 27排6列4层/ [索取号:TU311-44/ZH.275=2] | 在馆 | |
| 2 | 202857 | 202028572 | 自科二线404/404自科库 27排5列3层/ [索取号:TU311-44/ZH.275=2] | 在馆 | |
| 3 | 43311 | 200433110 | 自科二线404/404自科库 25排6列2层/ [索取号:TU311-44/ZH.275=2] | 在馆 | |
| 4 | 43312 | 200433129 | 建筑库101/ [索取号:TU311-44/ZH.275=2] | 在馆 | |
| 5 | 43313 | 200433138 | 待替旧图书/ [索取号:TU311-44/ZH.275=2] | 在馆 | |
| 6 | 43314 | 200433147 | 建筑库101/ [索取号:TU311-44/ZH.275=2] | 在馆 | |
| 7 | 43315 | 200433156 | 建筑库101/101建筑库 78排3列3层/ [索取号:TU311-44/ZH.275=2] | 在馆 |